Sell Yourself Without Selling Your Soul (Record no. 354496)

MARC details
000 -LEADER
fixed length control field 00360nam a2200145Ia 4500
008 - FIXED-LENGTH DATA ELEMENTS--GENERAL INFORMATION
fixed length control field 230719s9999 xx 000 0 und d
041 ## - LANGUAGE CODE
Language code of text/sound track or separate title eng
082 ## - DEWEY DECIMAL CLASSIFICATION NUMBER
Classification number 659.1
Item number HAR
100 ## - MAIN ENTRY--PERSONAL NAME
Personal name Harrow S.
9 (RLIN) 203890
245 ## - TITLE STATEMENT
Title Sell Yourself Without Selling Your Soul
260 ## - PUBLICATION, DISTRIBUTION, ETC. (IMPRINT)
Name of publisher, distributor, etc. Harper Collins
300 ## - PHYSICAL DESCRIPTION
Extent 373
365 ## - TRADE PRICE
Currency code Rs.
Price amount 187.00
700 ## - ADDED ENTRY--PERSONAL NAME
Personal name Harrow S.
9 (RLIN) 203890
Holdings
Withdrawn status Lost status Damaged status Not for loan Home library Current library Shelving location Date acquired Vendor Cost, normal purchase price Full call number Barcode Date last seen Cost, replacement price Bill Date Koha item type Original Barcode
        Cummins College of Engineering for Women Pune Cummins College of Engineering for Women Pune Donated Book 04/09/2017 Masurkar Enterprises 187.00 659.1 CCEP-DB-701 19/07/2023 187.00 19/07/2023 Books D00701